000 01147cam a2200337 4500
001 J1334
008 090401t1991 xxu||||| |||| 00| 0 eng d
035 _a(Sirsi) u42958
041 _aeng
050 _a333.0062
_c18
090 _aRICS 1991/60ABCD
110 _aRoyal Institution of Chartered Surveyors
_94900
245 4 _aThe chartered surveyors' rule book
250 _aRev. ed.
260 _aLondon
_bRICS
_c1991
300 _a1
_fv.(loose-leaf)
_c24cm.
350 _a0
490 _aRICS Chartered Surveyors' Rule Book
490 _aRICS Rules of Conduct
520 _aIncorporates the changes made in the first amendment issued in April 1991. Superseded pages are filed at the back of the archive copy.
520 _aSuperseded by 1995 edition (M1904). Supersedes 1990 edition.
650 _aRICS BYE-LAWS
650 _aRICS MEMBERS' ACCOUNTS RULES
650 _aRICS PROFESSIONAL INDEMNITY INSURANCE RULES
650 _aPROFESSIONAL CONDUCT
650 _aRICS REGULATIONS
650 _aRICS RULES OF CONDUCT
690 _aMANAGEMENT-BUSINESS MANAGEMENT-PROFESSIONAL PRACTICE
942 _n0
948 _c04/03/1997
999 _c91215
_d91215